Temný zvěrokruh /

Hlavní autor: Hyde, Stella
Jazyk: Čeština
Vydáno: Praha : Levné knihy, 2009
Vydání: Vyd. 1.
Témata:
Externí odkaz: Digitalizovaný dokument
Fyzický popis: 314 s. : il. ; 20 cm
Knihy
Uloženo v:
LEADER 01808nam a2200541 a 4500
001 nkc20091967146
003 CZ PrNK
005 20090925133720.0
007 ta
008 090730s2009 xr a e f 000 0 cze
015 |a cnb001967146 
020 |a 978-80-7309-707-3  |q (brož.) 
035 |a (OCoLC)436262196 
040 |a ABA001  |b cze  |d OLA001 
041 1 |a cze  |h eng 
072 7 |a 133  |x Ezoterismus. Okultismus  |2 Konspekt  |9 17 
080 |a 133.52  |2 MRF 
080 |a 133.522.2  |2 MRF 
080 |a 133.526  |2 MRF 
080 |a 159.923.3  |2 MRF 
080 |a 159.942-022.212  |2 MRF 
080 |a (035)  |2 MRF 
100 1 |a Hyde, Stella  |7 mzk2009521611  |4 aut 
245 1 0 |a Temný zvěrokruh /  |c Stella Hydeová ; přeložil Tomáš Pekárek 
250 |a Vyd. 1. 
260 |a Praha :  |b Levné knihy,  |c 2009 
300 |a 314 s. :  |b il. ;  |c 20 cm 
500 |a Přeloženo z angličtiny 
504 |a Obsahuje bibliografii 
650 0 7 |a astrologie  |7 ph114086  |2 czenas 
650 0 7 |a zvěrokruh  |7 ph116791  |2 czenas 
650 0 7 |a horoskopy  |7 ph114697  |2 czenas 
650 0 7 |a lidské vlastnosti  |7 ph122346  |2 czenas 
650 0 7 |a negativní emoce  |7 ph115428  |2 czenas 
650 0 9 |a astrology  |2 eczenas 
650 0 9 |a zodiac  |2 eczenas 
650 0 9 |a horoscopes  |2 eczenas 
650 0 9 |a human traits  |2 eczenas 
650 0 9 |a negative emotions  |2 eczenas 
655 7 |a příručky  |7 fd133209  |2 czenas 
655 9 |a handbooks and manuals  |2 eczenas 
765 0 |t Darkside zodiac  |9 Česky 
856 4 1 |u http://www.digitalniknihovna.cz/mzk/uuid/uuid:2d7fa310-f164-11e3-a2c6-005056827e51  |y Digitalizovaný dokument  |x NDK 
910 2 |a BOA001  |b 2-1227.458 
990 |a BK 
995 |a 01 
991 |b 200908  |c NOV  |j 133 HYD 
996 6 |b 2610384746  |c 2-1227.458  |l MZK  |r Sklad / do 1 hodiny  |n 2  |p p.v.  |w 001091997  |u 000010  |a 1  |e BOA001  |j MZK50  |s P